Přípravky pro soustruhy /

Salvato in:
Dettagli Bibliografici
Autore principale: Anserov, Michail Aleksejevič (Autore)
Natura: Libro
Lingua:ceco
Pubblicazione: Praha : Práce, 1955
Soggetti:
Tags: Aggiungi Tag
Nessun Tag, puoi essere il primo ad aggiungerne!!

MARC

LEADER 00000nam a22000003a 4500
001 stu34347
005 20150617225729.5
008 920316s1955----cs------------------cze-d
040 |a STU  |b slo 
041 0 |a cze 
044 |a cs 
080 |a 621.941 
100 1 |a Anserov, Michail Aleksejevič  |4 aut 
245 1 |a Přípravky pro soustruhy /  |c [aut.]M.A. Anserov 
260 |a Praha :  |b Práce,  |c 1955 
300 |a 78 s 
650 7 |a sústruhy  |2 stusub 
650 7 |a prípravky  |2 stusub 
996 |b 284M020078  |c M*3633-1  |l MMKN  |s A  |a 24  |w stu34347_0001